ਪੰਜਾਬੀ ਯੂਨੀਵਰਸਿਟੀ ਫ਼ਾਰਸੀ ਪੰਜਾਬੀ ਕੋਸ਼ (Record no. 1228421)

MARC details
000 -LEADER
fixed length control field 00696nam a2200205Ia 4500
005 - DATE AND TIME OF LATEST TRANSACTION
control field 20241129111004.0
008 - FIXED-LENGTH DATA ELEMENTS--GENERAL INFORMATION
fixed length control field 241129s9999||||xx |||||||||||||| ||und||
020 ## - INTERNATIONAL STANDARD BOOK NUMBER
International Standard Book Number 81-7380-213-0
037 ## - SOURCE OF ACQUISITION
Stock number REF
040 ## - CATALOGING SOURCE
Original cataloging agency CRL
Language of cataloging pun
Transcribing agency CRL
041 ## - LANGUAGE CODE
Language code of text/sound track or separate title pun
Source of code pun
084 ## - COLON CLASSIFICATION NUMBER
Classification number O164:4k 153N6;Q6(RR)
Assigning agency CRL
245 #0 - TITLE STATEMENT
Title ਪੰਜਾਬੀ ਯੂਨੀਵਰਸਿਟੀ ਫ਼ਾਰਸੀ ਪੰਜਾਬੀ ਕੋਸ਼
260 ## - PUBLICATION, DISTRIBUTION, ETC.
Place of publication, distribution, etc. ਪਟਿਆਲਾ, ਭਾਰਤ
Name of publisher, distributor, etc. ਪਬਲੀਕੇਸ਼ਨ ਬਿਊਰੋ
Date of publication, distribution, etc. 2016
300 ## - PHYSICAL DESCRIPTION
Extent 1017ਪ੍ਰ0
365 ## - TRADE PRICE
Price type code INR
Price amount 800
650 ## - SUBJECT ADDED ENTRY--TOPICAL TERM
Topical term or geographic name entry element Persian Dictionary
9 (RLIN) 723053
942 ## - ADDED ENTRY ELEMENTS (KOHA)
Koha item type Reference
Classification part O164:4k 153N6;Q6(RR)
Holdings
Withdrawn status Lost status Damaged status Not for loan Home library Current library Date acquired Source of acquisition Cost, normal purchase price Inventory number Total Checkouts Full call number Barcode Date last seen Price effective from Koha item type
        Central Library Central Library 2024-11-29 M.R.Publications 800.00 1509 & 24/01/2023   O164:4k 153N6;Q6(RR) CL1679218 2024-11-29 2024-11-29 Reference
Copyright @ Delhi University Library System